SYNTHESIS AND BIOACTIVITY STUDIES OF NANO HYDROXYAPATITE FOR BIOMEDICAL APPLICATIONS / (Record no. 534496)
[ view plain ]
| 000 -LEADER | |
|---|---|
| fixed length control field | 00540nam a22001577a 4500 |
| 020 ## - INTERNATIONAL STANDARD BOOK NUMBER | |
| Qualifying information | Hard Cover. |
| 082 ## - DEWEY DECIMAL CLASSIFICATION NUMBER | |
| Classification number | 620.44 |
| 100 ## - MAIN ENTRY--PERSONAL NAME | |
| Personal name | Rehman, Sarish |
| 245 ## - TITLE STATEMENT | |
| Title | SYNTHESIS AND BIOACTIVITY STUDIES OF NANO HYDROXYAPATITE FOR BIOMEDICAL APPLICATIONS / |
| Statement of responsibility, etc. | Sarish Rehman. |
| 260 ## - PUBLICATION, DISTRIBUTION, ETC. | |
| Place of publication, distribution, etc. | Islamabad: |
| Name of publisher, distributor, etc. | SCME - NUST, |
| Date of publication, distribution, etc. | 2013 |
| 300 ## - PHYSICAL DESCRIPTION | |
| Extent | 65 p. : |
| Other physical details | ill. ; |
| Dimensions | 30cm. |
| 942 ## - ADDED ENTRY ELEMENTS (KOHA) | |
| Source of classification or shelving scheme | |
| Koha item type | Thesis |
| 650 ## - SUBJECT ADDED ENTRY--TOPICAL TERM | |
| Topical term or geographic name entry element | Material and Surface Engineering MS-Thesis. |
| 700 ## - ADDED ENTRY--PERSONAL NAME | |
| Personal name | Dr. Muhammad Mujahid |
| 650 ## - SUBJECT ADDED ENTRY--TOPICAL TERM | |
| -- | 16443 |
| 700 ## - ADDED ENTRY--PERSONAL NAME | |
| -- | 19372 |
| Withdrawn status | Lost status | Source of classification or shelving scheme | Damaged status | Not for loan | Permanent Location | Current Location | Date acquired | Total Checkouts | Full call number | Barcode | Date last seen | Price effective from | Koha item type | Shelving location |
|---|---|---|---|---|---|---|---|---|---|---|---|---|---|---|
| Central Library (CL) | Central Library (CL) | 02/28/2020 | 620.44 | CL-T-5246 | 02/28/2020 | 02/28/2020 | Thesis | |||||||
| Central Library (CL) | Central Library (CL) | 03/10/2020 | 620.44 | CL-T-5368 | 03/10/2020 | 03/10/2020 | Thesis | Thesis |
